| 000 | 01250 a2200301 4500 | ||
|---|---|---|---|
| 003 | NUST | ||
| 005 | 20221124124904.0 | ||
| 008 | 120531t xxu||||| |||| 00| 0 eng d | ||
| 010 | _a 2006038156 | ||
| 020 | _a9780521857574 | ||
| 020 | _a0521857570 | ||
| 035 | _a(OCoLC)ocm76416607 | ||
| 035 | _a(OCoLC)76416607 | ||
| 040 | _c0 | ||
| 082 | 0 | 0 | _a516.156, DEM |
| 100 | 1 |
_aDemaine, Erik D., _933713 |
|
| 245 | 1 | 0 |
_aGeometric folding algorithms : _blinkages, origami, polyhedra / _cErik D. Demaine & Joseph O'Rourke. |
| 260 |
_aCambridge : _aNew York : _bCambridge University Press, _c2007. |
||
| 300 |
_axiii, 472 p. : _bill. (some col.) ; _c26 cm. |
||
| 505 | _aPart-1: Linkages (Page-7), Part-2: Paper (Page-165), Part-3: Polyhedra (Page-297). | ||
| 650 | 1 | 0 |
_aPolyhedra _xModels. _933714 |
| 650 | 1 | 0 |
_aPolyhedra _xData processing. _933715 |
| 700 | 1 |
_aO'Rourke, Joseph. _933716 |
|
| 856 | 4 | 2 |
_3Publisher description _uhttp://www.loc.gov/catdir/enhancements/fy0703/2006038156-d.html |
| 856 | 4 | 2 |
_3Table of contents only _uhttp://www.loc.gov/catdir/enhancements/fy0703/2006038156-t.html |
| 856 | 4 | 2 |
_3Contributor biographical information _uhttp://www.loc.gov/catdir/enhancements/fy0803/2006038156-b.html |
| 942 |
_aSADA _cBK _k516.156, DEM _2ddc |
||
| 999 |
_c592476 _d592476 |
||